00285nam a2200121Ia 4500008004100000041000800041082001200049100001800061245002100079260003200100300002400132365000700156240624s9999 xx 000 0 und d aeng a828 PIN aPINTER HAROLD aCOMPLETE WORK II c1990aNew YorkbGrove Press a248 : p. : cm. ; 28 cRS